000 01301nam0a2200325 i 4500
001 RU\NLR\bibl\1974679
005 20240726093714.0
010 _a9785170155118
_bАСТ
010 _a978-5-271-42592-9
_bАстрель
010 _a978-5-4215-3384-9
_bПолиграфиздат
_92500
021 _aRU
_b2012-88719
_96559
035 _a(nilc)RSL-KNO-005528411
035 _a(NLR Aleph) 001963472
090 _a3857468
_c3857468
100 _a20090820d2012 u y0rusy50 ca
101 1 _arus
_ceng
102 _aRU
105 _ay |||||||||
200 1 _aПлененные страстью
_e[сборник романов
_fпер. с англ. Т.А. Перцевой]
210 _aМосква
_cИзд-во АСТ [и др.]
_d2012
215 _a412, [2] с.
_d17
225 1 _aмини-Шарм
327 1 _aСодерж.: Экстаз / Бертрис Смолл. Готовая на все / Сьюзен Джонсон. Тайные желания / Тия Дивайн. Женское счастье / Робин Шоун
686 _aШ5(7США)62-644
_2rubbk
801 0 _aRU
_bRuMoRKP
_c20090820
_grcr
801 1 _aRU
_bРГБ
_c20090820
801 2 _aRU
_bNLR
_c20121204
_grcr
942 _cBOOK
980 _aNBR